Foreign investment and domestic response : A study of Singapore's industrialization
שמור ב:
| מחבר ראשי: | |
|---|---|
| פורמט: | ספר |
| שפה: | Undetermined |
| יצא לאור: |
Singapore
Eastern Universities Press
1976
|
| נושאים: | |
| תגים: |
הוספת תג
אין תגיות, היה/י הראשונ/ה לתייג את הרשומה!
|
| Thư viện lưu trữ: | Trung tâm Học liệu Trường Đại học Cần Thơ |
|---|
| LEADER | 00620nam a2200205Ia 4500 | ||
|---|---|---|---|
| 001 | CTU_93050 | ||
| 008 | 210402s9999 xx 000 0 und d | ||
| 082 | |a 332.6 | ||
| 082 | |b Y54 | ||
| 100 | |a Yoshihara, Kunio | ||
| 245 | 0 | |a Foreign investment and domestic response : | |
| 245 | 2 | |b A study of Singapore's industrialization | |
| 245 | 0 | |c Kunio Yoshihara | |
| 260 | |a Singapore | ||
| 260 | |b Eastern Universities Press | ||
| 260 | |c 1976 | ||
| 650 | |a Investments, Foreign,Industrialization | ||
| 650 | |z Singapore,Singapore | ||
| 904 | |i Nguyên, Qhieu | ||
| 980 | |a Trung tâm Học liệu Trường Đại học Cần Thơ | ||